| 000 | 00535nam a22001937a 4500 | ||
|---|---|---|---|
| 005 | 20210419085534.0 | ||
| 008 | 201222s1982 ||||| |||| 00| 0 eng d | ||
| 020 | _a044101075X | ||
| 040 |
_aeng _cDLC _deng |
||
| 041 | _aeng | ||
| 080 |
_a821.111 _bS-34 |
||
| 100 |
_9594 _aSchmitz, H. James |
||
| 245 |
_aAgent of Vega _c/ by: ACE Books |
||
| 260 |
_aNew York _bACE Books _c1982 |
||
| 300 | _a186 p. | ||
| 650 | 0 |
_9254 _aEnglish literature |
|
| 653 | _aინგლისური ლიტერატურა | ||
| 942 |
_2udc _cBK _e1 |
||
| 999 |
_c1791 _d1791 |
||